000 00331nam a2200109Ia 4500
008 220214s9999 xx 000 0 und d
245 0 _aDevelopment of natural rubber bearings for earthquake protection f small holdings
260 _bIRRDB Commentary
_c1990
300 _a7-Jan
520 _aSee earthquake articles file
942 _cRE
999 _c46105
_d46105